| 000 | 01270nam a2200241Ia 4500 | ||
|---|---|---|---|
| 999 |
_c26254 _d26254 |
||
| 003 | OSt | ||
| 005 | 20210812164954.0 | ||
| 008 | 160316s2005 xxu||||| |||| 00| 0 eng d | ||
| 020 | _a9780195669312 | ||
| 020 | _a0195669312 | ||
| 040 | _cnls | ||
| 082 |
_a333.912000 _bBLA |
||
| 100 | _aBlack Maggie | ||
| 245 | _aWater, a matter of life and health : Water supply and sanitation in village India | ||
| 250 | _a2nd | ||
| 260 |
_aOxford _bOxford University Press _c2005 |
||
| 300 |
_a262p _cxviii |
||
| 365 | _bRs. 545 | ||
| 505 | _aContents: Maps, figures, and boxes; Abbreviations and acronyms; Forward by M S Swaminathan; Political map of India; Preface; Acknowledgements; 1. Water: a matter of life and health -- 2. Finding water for water-short communities -- 3. The hand-pump revolution -- 4. Not just water but sanitation too -- 5. Tackling disease: guinea worm and diarrhoea -- 6. Managing a community service -- 7. Threats to water and everything else -- 8. Water, life and health: Where next? Glossary of terms; Index. | ||
| 650 | _a1. Water Supply - Rural - Management - India2. Drinking Water - Contamination - Health Aspects3. Water Quality Management 4. Groundwater - Purification | ||
| 700 |
_aTalbort Rupert _a |
||
| 942 |
_2ddc _cBK |
||